000 00714nam a22001817a 4500
999 _c160190
_d160190
005 20190117165142.0
010 _aB-713069
020 _a9789386832627
_c599.00
035 _aB-713069
037 _bL/RP/RKBooks
100 _aNariman, Fali S.
245 _aGod save the hon'ble supreme court/
_cFali S. Nariman
260 _aNew delhi
_bHay house publishers (india) Pvt ltd
_c2018
270 _aMuskan Complex, Plot no. 3, B-2, Vasant kunj
_bNew delhi
_e110070
_mcontatct@hayhouse.co.in
300 _a304p.
_c22cm. (Hb)
942 _2ddc
_cEN
_mNAR